Selected shorts stories of Nathaniel Hawthorne / (Record no. 200468078)

MARC details
000 -LEADER
fixed length control field 00863cam a2200277 4500
001 - CONTROL NUMBER
control field 200468078
003 - CONTROL NUMBER IDENTIFIER
control field TR-AnTOB
005 - DATE AND TIME OF LATEST TRANSACTION
control field 20260413143947.0
007 - PHYSICAL DESCRIPTION FIXED FIELD--GENERAL INFORMATION
fixed length control field ta
008 - FIXED-LENGTH DATA ELEMENTS--GENERAL INFORMATION
fixed length control field 260410s1966 nyuc b 000 0 eng d
040 ## - CATALOGING SOURCE
Original cataloging agency DLC
Language of cataloging eng
Description conventions rda
Transcribing agency CarP
Modifying agency DLC
-- TR-AnTOB
041 0# - LANGUAGE CODE
Language code of text/sound track or separate title İngilizce
050 00 - LIBRARY OF CONGRESS CALL NUMBER
Classification number PS1852
Item number .S454 1966
090 ## - LOCALLY ASSIGNED LC-TYPE CALL NUMBER (OCLC); LOCAL CALL NUMBER (RLIN)
Classification number (OCLC) (R) ; Classification number, CALL (RLIN) (NR) PS1852
Local cutter number (OCLC) ; Book number/undivided call number, CALL (RLIN) .S454 1966
100 1# - MAIN ENTRY--PERSONAL NAME
Personal name Hawthorne, Nathaniel,
Dates associated with a name 1804-1864.
Relator term author
9 (RLIN) 28078
245 10 - TITLE STATEMENT
Title Selected shorts stories of Nathaniel Hawthorne /
Statement of responsibility, etc. edited with an introduction by Alfred Kazin.
264 #1 - PRODUCTION, PUBLICATION, DISTRIBUTION, MANUFACTURE, AND COPYRIGHT NOTICE
Place of production, publication, distribution, manufacture New York :
Name of producer, publisher, distributor, manufacturer A Fawcett Premier Book,
Date of production, publication, distribution, manufacture, or copyright notice 1966.
Date of production, publication, distribution, manufacture, or copyright notice ©1966
300 ## - PHYSICAL DESCRIPTION
Extent 255 pages :
Dimensions 18 cm
336 ## - CONTENT TYPE
Content type term text
Content type code txt
Source rdacontent
337 ## - MEDIA TYPE
Media type term unmediated
Media type code n
Source rdamedia
338 ## - CARRIER TYPE
Carrier type term volume
Carrier type code nc
Source rdacarrier
700 1# - ADDED ENTRY--PERSONAL NAME
Personal name Kazin, Alfred,
Dates associated with a name 1915-1998
Relator term editor
9 (RLIN) 153600
942 ## - ADDED ENTRY ELEMENTS (KOHA)
Source of classification or shelving scheme Library of Congress Classification
Koha item type Book
Holdings
Withdrawn status Lost status Source of classification or shelving scheme Not for loan Collection code Home library Current library Shelving location Date acquired Inventory number Total Checkouts Full call number Date last seen Date shelved Koha item type Public note
    Library of Congress Classification Ödünç Verilemez-Kurumiçi kullanım / Not for loan-For inhouse use Genel Koleksiyon Tıp Fakültesi Medikal Kütüphane Tıp Fakültesi Medikal Kütüphane Genel Koleksiyon / Main Collection 18/03/2026 İDE   PS1852 .S454 1966 TıpFaK 13/04/2026 13/04/2026 Book Donated by Prof. Dr. Şükrü Cin
Devinim Yazılım Eğitim Danışmanlık tarafından Koha'nın orjinal sürümü uyarlanarak geliştirilip kurulmuştur.